WILLIAMS TEXT BOOK OF ENDOCRINOLOGY / (Record no. 794681)

MARC details
000 -LEADER
fixed length control field 00420pam a2200169 a 4500
020 ## - INTERNATIONAL STANDARD BOOK NUMBER
International Standard Book Number 0721691846
Terms of availability
041 ## - LANGUAGE CODE
Language code of text/sound track or separate title eng
082 ## - DEWEY DECIMAL CLASSIFICATION NUMBER
Classification number 616.4
Item number KRO / LAR
100 ## - MAIN ENTRY--PERSONAL NAME
Personal name KRONENBERT, M .
245 ## - TITLE STATEMENT
Title WILLIAMS TEXT BOOK OF ENDOCRINOLOGY /
Medium Textual Documents
250 ## - EDITION STATEMENT
Edition statement 10 ED.
260 ## - PUBLICATION, DISTRIBUTION, ETC.
Place of publication, distribution, etc. [s.l]:
Name of publisher, distributor, etc. SAUNDERS , ,
Date of publication, distribution, etc. 2003.
300 ## - PHYSICAL DESCRIPTION
Extent 1927 ;
Dimensions A4.
650 ## - SUBJECT ADDED ENTRY--TOPICAL TERM
Topical term or geographic name entry element GEN.MEDICINE
700 ## - ADDED ENTRY--PERSONAL NAME
Personal name LARSEN, P .
930 ## - EQUIVALENCE OR CROSS-REFERENCE-UNIFORM TITLE HEADING [LOCAL, CANADA]
Uniform title 145
Holdings
Withdrawn status Lost status Damaged status Not for loan Collection Home library Current library Date acquired Source of acquisition Cost, normal purchase price Total Checkouts Full call number Barcode Date last seen Copy number Price effective from Koha item type
          Medical College & Hospital, Sangli Medical College & Hospital, Sangli 28/05/2005 NATIONAL BOOK DEPOT. 5775.00   616.4 KRO / LAR MCS-0748 26/07/2023 1 26/07/2023 Book